000 00723nam a2200229Ii 4500
003 JO-AjNU
008 230605s9999||||xx |||||||||||||| ||und||
017 _a11462
020 _a977-383-016-0
040 _aJO-AjNU
_bara
_erda
_cJO-AjNU
041 _aara
050 1 4 _aHD58.6.H39.2005
100 3 _aحواش،جمال,
_eauthor
_932291
245 0 0 _aالتفاوض في الازمات والمواقف الطارئة مع تطبيقات عملية
250 _aط1
264 3 1 _aالقاهرة:ايتراك للنشر والتوزيع،2005
300 _a375ص
336 _atext
_btxt
_2rdacontent
337 _aunmediated
_bn
_2rdamedia
338 _avolume
_bnc
_2rdacarrier
650 4 _aالتفاوض
_932292
999 _aA13019
_c16587
_d16587